National Conference on Energy and environment Nconee'18/ (Record no. 207423)
[ view plain ]
| 000 -LEADER | |
|---|---|
| fixed length control field | 00715nam a22002057a 4500 |
| 005 - DATE AND TIME OF LATEST TRANSACTION | |
| control field | 20241205113322.0 |
| 010 ## - LCCN (DPL NO) | |
| LC control number | ENG-142838 |
| 020 ## - INTERNATIONAL STANDARD BOOK NUMBER | |
| International Standard Book Number | 9789387871151 |
| Terms of availability | 225.00 |
| 035 ## - SYSTEM CONTROL NUMBER | |
| System control number | EN-126370 |
| 037 ## - SOURCE OF ACQUISITION | |
| Source of stock number/acquisition | DBAD |
| 082 ## - DEWEY DECIMAL CLASSIFICATION NUMBER | |
| Classification number | 333.790954021 |
| 245 ## - TITLE STATEMENT | |
| Title | National Conference on Energy and environment Nconee'18/ |
| Statement of responsibility, etc | Edited by M. Muthukannan...[et.al] |
| 260 ## - PUBLICATION, DISTRIBUTION, ETC. (IMPRINT) | |
| Place of publication, distribution, etc | Tamil Nadu |
| Name of publisher, distributor, etc | Shanlax publications |
| Date of publication, distribution, etc | 2023 |
| 270 ## - ADDRESS | |
| Address | 61, 66 T.P.K. Main Road, Vasantha Nagar, |
| City | Madurai, Tamil Nadu |
| Postal code | 625003 |
| 300 ## - PHYSICAL DESCRIPTION | |
| Extent | 75p. |
| Dimensions | 28cm(pb) |
| 700 ## - ADDED ENTRY--PERSONAL NAME | |
| Personal name | Ganeshmoorthy, V. |
| Relator term | Author |
| 9 (RLIN) | 74718 |
| 700 ## - ADDED ENTRY--PERSONAL NAME | |
| Personal name | V. Dinesh Kumar |
| Relator term | Author |
| 9 (RLIN) | 74719 |
| 700 ## - ADDED ENTRY--PERSONAL NAME | |
| Personal name | K. Vijayrakesh |
| Relator term | Author |
| 9 (RLIN) | 74720 |
| 942 ## - ADDED ENTRY ELEMENTS (KOHA) | |
| Source of classification or shelving scheme | Dewey Decimal Classification |
| Item type | English Books |
| Classification part | 33.790954021 |
| Call number suffix | NAT |
| Withdrawn status | Lost status | Not for loan | Collection code | Home library | Current library | Date acquired | Source of acquisition | Cost, normal purchase price | Full call number | Barcode | Copy number | Cost, replacement price | Koha item type |
|---|---|---|---|---|---|---|---|---|---|---|---|---|---|
| Non-fiction | Sarojini Nagar | Sarojini Nagar | 05/12/2024 | Delivery of Books Act Division | 250.00 | 337.90954021 NAT | EN-126370 | 1 | 250.00 | English Books |
